|
|
|
|
| LEADER |
00000nab a2200000 a 4500 |
| 001 |
vtls000278425 |
| 003 |
SK-MaSNL |
| 005 |
20260303204611.0 |
| 008 |
111202c1986 xo 0 cze |
| 015 |
|
|
|a SNBRA19rr/mm-uuuuu
|
| 035 |
|
|
|a CL0288543
|
| 040 |
|
|
|a SNKBUCL
|b slo
|c SNKBUCL
|e AACR2
|
| 041 |
0 |
|
|a cze
|
| 044 |
|
|
|a xo
|c SK
|
| 080 |
|
|
|a 620.1:677
|2 1981
|
| 080 |
|
|
|a 677
|2 1981
|
| 080 |
|
|
|a 543.42
|2 1981
|
| 100 |
1 |
|
|a Militký, Jiří
|4 aut
|9 280519
|
| 245 |
1 |
0 |
|a Postupy analyzy spektorů
|c Jiří Militký ; Jiří Militý
|
| 300 |
|
|
|b Obr. 1. Tb. 3. Grafy 11.
|
| 650 |
0 |
7 |
|a textilný priemysel
|2 snkbucl
|9 51332
|
| 650 |
0 |
7 |
|a skúšobníctvo textilné
|2 snkbucl
|9 954148
|
| 650 |
0 |
7 |
|a textilné vlákna
|2 snkbucl
|9 51344
|
| 655 |
|
7 |
|a články zo zborníkov
|2 snkbucl
|9 166140
|
| 700 |
1 |
|
|a Militý, Jiří
|4 aut
|9 1238508
|
| 773 |
0 |
|
|t Spracovanie a interpretácia merania v textilnom skúšobníctve
|d Žilina : Dom techniky ČSVTS, 1986
|g S. 1-23
|
| 850 |
|
|
|a Slovenská národná knižnica v Martine
|a MTA001
|
| 852 |
|
|
|a SNK
|b KIS3GCP
|
| 958 |
|
|
|a RK
|
| 992 |
|
|
|a RZB
|
| 999 |
|
|
|c 2190749
|d 2192679
|